00333pab a2200133 454500008004000000100001800040245003500058260000900093300001300102362001200115650004200127650001700169773001300186180718b1982 xxu||||| |||| 00| 0 eng d aMinocha, A.C. aUrbanisation in Madhya Pradesh c1982 ap.20-39. aJul-Sep aUrbanization - India - Madhya Pradesh aUrbanization aNagarlok